媒体女王欧普拉成功的钻石信念 (Record no. 69802)
[ view plain ]
| 000 -LEADER | |
|---|---|
| fixed length control field | 00499nam a22001937a 4500 |
| 003 - CONTROL NUMBER IDENTIFIER | |
| control field | MPLRDC |
| 005 - DATE AND TIME OF LATEST TRANSACTION | |
| control field | 20220105061151.0 |
| 008 - FIXED-LENGTH DATA ELEMENTS--GENERAL INFORMATION | |
| fixed length control field | 210129b ||||| |||| 00| 0 eng d |
| 020 ## - INTERNATIONAL STANDARD BOOK NUMBER | |
| International Standard Book Number | 978-957-447-253-6 |
| 082 ## - DEWEY DECIMAL CLASSIFICATION NUMBER | |
| Classification number | 177.2 ZJQ |
| 100 ## - MAIN ENTRY--PERSONAL NAME | |
| Personal name | 张佳秋 |
| 245 ## - TITLE STATEMENT | |
| Title | 媒体女王欧普拉成功的钻石信念 |
| Statement of responsibility, etc. | |
| 250 ## - EDITION STATEMENT | |
| Edition statement | 初版 |
| 260 ## - PUBLICATION, DISTRIBUTION, ETC. | |
| Place of publication, distribution, etc. | 台湾 |
| Name of publisher, distributor, etc. | 大千出版社 |
| Date of publication, distribution, etc. | 2012 |
| 300 ## - PHYSICAL DESCRIPTION | |
| Other physical details | 平 |
| 520 ## - SUMMARY, ETC. | |
| Summary, etc. | 新书上架 2018-10-16。 |
| 650 ## - SUBJECT ADDED ENTRY--TOPICAL TERM | |
| Topical term or geographic name entry element | 成功的人生 |
| 942 ## - ADDED ENTRY ELEMENTS (KOHA) | |
| Koha item type | Book |
| -- | 177.2 ZJQ |
No items available.
